KOHA-Header-6

Business to Business Marketing Analysis and Practice (Record no. 2700)

000 -LEADER
fixed length control field 00392nam a2200157Ia 4500
003 - CONTROL NUMBER IDENTIFIER
control field OSt
005 - DATE AND TIME OF LATEST TRANSACTION
control field 20190916101408.0
008 - FIXED-LENGTH DATA ELEMENTS--GENERAL INFORMATION
fixed length control field 190902s9999||||xx |||||||||||||| ||und||
020 ## - INTERNATIONAL STANDARD BOOK NUMBER
International Standard Book Number 9788131763308
040 ## - CATALOGING SOURCE
Transcribing agency maju
100 ## - MAIN ENTRY--PERSONAL NAME
Personal name Robert Vitale.Joseph
245 #0 - TITLE STATEMENT
Title Business to Business Marketing Analysis and Practice
260 ## - PUBLICATION, DISTRIBUTION, ETC. (IMPRINT)
Place of publication, distribution, etc India
Name of publisher, distributor, etc Pearson
Date of publication, distribution, etc 2011
300 ## - PHYSICAL DESCRIPTION
Extent 512
942 ## - ADDED ENTRY ELEMENTS (KOHA)
Koha item type Books
Source of classification or shelving scheme
Holdings
Withdrawn status Lost status Damaged status Not for loan Collection code Permanent Location Current Location Shelving location Date acquired Total Checkouts Barcode Date last seen Date checked out Price effective from Koha item type
        Marketing MAJU MAJU   2019-09-02 1 6348 2023-04-09 2023-04-05 2019-09-02 Marketing

Powered by Koha